A divertirse con cometas

שמור ב:
מידע ביבליוגרפי
מחבר ראשי: Dyson, John P (Author)
פורמט: ספר
שפה:ספרדית
יצא לאור: Bogotá Norma 1988
נושאים:
תגים: הוספת תג
אין תגיות, היה/י הראשונ/ה לתייג את הרשומה!

MARC

LEADER 00000nam a2200000 a 4500
001 UCW6646
003 CL-VaPUC
008 920420e19880000CK |||||||||||||||||spa|d
082 0 4 |a 796.15  |b DYS  |2 21 
100 0 |a Dyson, John P  |e author  |9 311662 
245 1 0 |a A divertirse con cometas 
300 |a 31 p 
942 |c BK 
945 |d 19920420 00:00:00 
260 |a Bogotá  |b Norma  |c 1988 
650 0 |a Volantines  |9 311663 
650 0 |a Juegos infantiles  |9 307365 
583 |a last modification  |c 19920420 00:00:00  |k Rodrigo Vera 
999 |c 219623  |d 219621 
952 |0 0  |1 0  |4 0  |6 796_150000000000000_DYS_1988  |7 0  |8 P  |9 210763  |a BIBEDU  |b BIBEDU  |c BIBEDU_PB  |d 2019-11-15  |i 2789744  |o 796.15 DYS 1988  |p 2789744  |r 2024-01-25  |w 2019-11-15  |y BK  |k EDU 
952 |0 0  |1 0  |4 0  |6 796_150000000000000_DYS_1988  |7 0  |8 P  |9 210764  |a BIBEDU  |b BIBEDU  |c BIBEDU_PB  |d 2019-11-15  |i 2789752  |o 796.15 DYS 1988  |p 2789752  |r 2024-01-25  |w 2019-11-15  |y BK  |k EDU 
952 |0 0  |1 0  |4 0  |6 796_150000000000000_DYS_1988  |7 0  |8 P  |9 210765  |a BIBEDU  |b BIBEDU  |c BIBEDU_PB  |d 2019-11-15  |i 2789760  |o 796.15 DYS 1988  |p 2789760  |r 2024-01-25  |w 2019-11-15  |y BK  |k EDU